01003cam a2200265 a 4500001000400000003001000004005001700014008004100031020001800072040002500090080001700115090002500132100004400157245011900201250002500320260003800345300002700383504002500410650005500435650006100490650003300551942001200584952012800596999001300724130BR-CuiBMT20231115005141.0230818s2019 mgba 000 0 por d a9788545005964 aBR-CuiBMTcBR-CuiBMT 22007a35.082 a35.082bO48sc4. ed.1 aOliveira, Antônio Flávio de,d1964-10aServidor público :bremoção, cessão, enquadramento e redistribuição /cAntônio Flávio de Oliveira. a4. ed., rev. e ampl. aBelo Horizonte :bFórum,c2019. a318 p. :bil. ;c22 cm aInclui bibliografia. aDireito administrativoxServidor públicozBrasil aDireito constitucional xFuncionalismo públicozBrasil aServidor púbicoxEstatutos 2udccLV 00102udc4070aBIBTCEMTbBIBTCEMTd2023-06-28l0o35.082 O48s 4. ed.pBIBTCEMT23080107r2023-08-18tEx. 1w2023-08-18yLV c130d130